• 首页
  • 本馆介绍
  • 公告通知
  • 最新文献
  • 馆藏检索
  • 电子资源
  • 读者导购
  • 参考咨询
  • 我的图书馆
  • 登录
  • 详细信息显示
  • 放入我的书架
  • 预约/预借图书
  • 作者相关作品
  • 分类相关作品
  • 丛书相关作品
  • 出版社相关作品

书目信息

  • 表格格式
  • 工作单格式
  • 卡片格式
题名:
领导是怎样炼成的
    
 
作者: 托马斯 著 ;张琼 译
分册:  
出版信息: 北京   中国人民大学出版社  2009
页数: 19,171页
开本: 23cm
丛书名:
单 册:
中图分类: C933-49
科图分类:
主题词: 领导学--通俗读物 , 领导学
电子资源:
ISBN: 978-7-300-10412-6
000 01257nam0 2200289 45
001 1029941609
005 20100428143322.40
010    @a978-7-300-10412-6@dCNY36.00
100    @a20100420d2009 em y0chiy50 ea
101 1  @achi@ceng
102    @aCN@b110000
105    @ay z 000yy
106    @ar
200 1  @a领导是怎样炼成的@ALing Dao Shi Zen Yang Lian Cheng De@dCrucibles of leadership:how to learn from experience to become a great leader@f(美)罗伯特·托马斯(Robert J. Thomas)著@F( Mei ) Luo Bo Te· Tuo Ma Si (Robert J. Thomas) Zhu@g张琼译@zeng
210    @a北京@c中国人民大学出版社@d2009
215    @a19,171页@d23cm
300    @a湛庐管理智慧 24 “卓越领导之道”书系(05)/杨斌主编
305    @aHarvard Business School Publish Corporation授权出版
330    @a本书为你展示出对领导生涯中各种复杂力量的独特理解,书中提供了成为更有效领导的直接路径,它有助于各领域的人们充分挖掘自己的潜能。
510 1  @aCrucibles of leadership@ehow to learn from experience to become a great leader@zeng
606 0  @a领导学@j通俗读物
606 0  @a领导学
690    @aC933-49@v4
701  1 @a托马斯@ATuo Ma Si@g(Thomas, Robert J.)@4著
702  0 @a张琼@AZhang Qiong@g(翻译)@4译
801  0 @aCN@bTANGWEI@c20100428
905    @b0594607-11@dC933-49@e431@f5
    
    领导是怎样炼成的=Crucibles of leadership:how to learn from experience to become a great leader/(美)罗伯特·托马斯(Robert J. Thomas)著/张琼译.-北京:中国人民大学出版社,2009
    19,171页;23cm
    湛庐管理智慧 24 “卓越领导之道”书系(05)/杨斌主编
    
    ISBN 978-7-300-10412-6:CNY36.00
    本书为你展示出对领导生涯中各种复杂力量的独特理解,书中提供了成为更有效领导的直接路径,它有助于各领域的人们充分挖掘自己的潜能。
●
相关链接 在E读中查询图书 在五车中查询图书 在当当中查询图书 在豆瓣中查询图书


正题名:领导是怎样炼成的     索取号:C933-49/431         预约/预借

序号 登录号 条形码 馆藏地/架位号 状态 备注
1 0594607   205946075   第一样本阅览室/ [索取号:C933-49/431] 在馆    
2 0594608   205946084   第一借阅区/ [索取号:C933-49/431] 在馆    
3 0594609   205946093   第一借阅区/ [索取号:C933-49/431] 在馆    
4 0594610   205946100   第一借阅区/ [索取号:C933-49/431] 在馆    
5 0594611   205946119   第一借阅区/ [索取号:C933-49/431] 在馆    
唐山师范学院图书馆 欢迎您!
大连网信软件有限公司© 版权所有